Cataclysms : a new geology for the twenty-first century (Record no. 81209)

MARC details
000 -LEADER
fixed length control field 00838nam a22002537a 4500
003 - CONTROL NUMBER IDENTIFIER
control field CBULib
005 - DATE AND TIME OF LATEST TRANSACTION
control field 20230817070909.0
008 - FIXED-LENGTH DATA ELEMENTS--GENERAL INFORMATION
fixed length control field 230718b |||||||| |||| 00| 0 eng d
020 ## - INTERNATIONAL STANDARD BOOK NUMBER
International Standard Book Number 9780231177801
040 ## - CATALOGING SOURCE
Transcribing agency CBULib
Language of cataloging English
Description conventions rda
050 ## - LIBRARY OF CONGRESS CALL NUMBER
Classification number GB 5014 Ram
100 1# - MAIN ENTRY--PERSONAL NAME
Personal name Rampino, Michael R.
9 (RLIN) 573
245 ## - TITLE STATEMENT
Title Cataclysms : a new geology for the twenty-first century
Statement of responsibility, etc /by Michael R. Rampino
300 ## - PHYSICAL DESCRIPTION
Extent vi, 211 pages : illustrations
336 ## - CONTENT TYPE
Source rdacontent
Content type term Text |
Content type code txt
337 ## - MEDIA TYPE
Source rdamedia
Media type term Unmediated |
Media type code n
338 ## - CARRIER TYPE
Source rdacarrier
Carrier type term Volume
Carrier type code nc
504 ## - BIBLIOGRAPHY, ETC. NOTE
Bibliography, etc Includes bibliographical references and index.
650 #0 - SUBJECT ADDED ENTRY--TOPICAL TERM
9 (RLIN) 574
Topical term or geographic name as entry element NATURAL DISASTERS--ENVIRONMENTAL ASPECTS
650 #0 - SUBJECT ADDED ENTRY--TOPICAL TERM
9 (RLIN) 575
Topical term or geographic name as entry element VOLCANIC ERUPTIONS
650 #0 - SUBJECT ADDED ENTRY--TOPICAL TERM
9 (RLIN) 576
Topical term or geographic name as entry element COMETS--COLLISIONS WITH EARTH
650 #0 - SUBJECT ADDED ENTRY--TOPICAL TERM
9 (RLIN) 577
Topical term or geographic name as entry element EXTINCTION (BIOLOGY)
942 ## - ADDED ENTRY ELEMENTS (KOHA)
Source of classification or shelving scheme
Koha item type MONOGRAPH
Holdings
Withdrawn status Lost status Source of classification or shelving scheme Damaged status Not for loan Collection code Permanent Location Current Location Shelving location Date acquired Full call number Barcode Date last seen Copy number Price effective from Koha item type
          Main Library Open Access Collection CBU-MAIN LIBRARY, KITWE. CBU-MAIN LIBRARY, KITWE. General Stacks 07/18/2023 GB 5014 Ram 752491 07/18/2023 1 07/18/2023 MONOGRAPH